01323cam a22003135i 4500999001700000001001000017003000900027005001700036008004100053020002500094040004100119082002000160100004200180245003800222264004100260300002700301336002600328337002800354338002700382490002100409500006100430520022100491650005500712650003500767651001000802653002300812942001200835952016200847 c21892d21864015947462EG-ScBUE20201108122849.0111004s2012 enk g 000 f eng d a9781444723496 (pbk.) aStDuBDSbengerdacStDuBDSdEG-ScBUE04a813.54bKIN2221 aKing, Stephen,d1947-eauthor.94018110aSong of Susannah /cStephen King. 1aLondon :bHodder & Stoughton,c2012. axx, 436 pages ;c20 cm atextbtxt2rdacontent aunmediatedbn2rdamedia avolumebnc2rdacarrier0 aDark tower ;vVI aOriginally published.: London: Hodder & Stoughton, 2004. aWhile Jake, Father Callahan, and Oy struggle to free Susannah Dean, whose body is possessed by a demon-mother named Mia, Roland and Eddie find themselves swept by magic to East Stoneham, Maine, in the summer of 1977. 7aRoland (Fictitious character : King)2BUEsh940182 7aHeroesvFiction.2BUEsh940147 2BUEsh bHHUUEENNcJune2016 2ddccBB 00102ddc40708ILBaMAINbMAINc2NDd2016-06-14ePurchaseg62.00h8263l1m4o813.54 KINp000032666r2025-07-15 00:00:00s2022-07-26v77.00w2016-06-14yBB